Systémy akosti v podnikoch. Prečo je potrebné riadenie firmy podľa ČSN ISO 9000 a ako pri tom postupovať.

Normy radu ČSN ISO 9000 pre zabezpečovanie akosti s tým, že ich plné uplatnenie začína plánovaným vznikom jednotného trhu ES od r. 1993. Interné a externé previerky v etape budovania systému za účelom zistenia súčasného stavu voči kritériám príslušnej normy. Vytvorenie vhodných podmienok vo firme pr...

Ausführliche Beschreibung

Gespeichert in:
Bibliographische Detailangaben
1. Verfasser: Sýkora, Zdenek
Weitere Verfasser: Šíma, J.
Format: Buchkapitel
Sprache:Slowakisch
Schlagworte:
Tags: Tag hinzufügen
Keine Tags, Fügen Sie das erste Tag hinzu!

MARC

LEADER 00000naa a2200000 4500
001 r013203
005 20221213081147.7
041 0 |a slo 
044 |a CZ 
245 1 0 |a Systémy akosti v podnikoch.  |b Prečo je potrebné riadenie firmy podľa ČSN ISO 9000 a ako pri tom postupovať.  |c Zdenek Sýkora, J. Šíma 
520 |a Normy radu ČSN ISO 9000 pre zabezpečovanie akosti s tým, že ich plné uplatnenie začína plánovaným vznikom jednotného trhu ES od r. 1993. Interné a externé previerky v etape budovania systému za účelom zistenia súčasného stavu voči kritériám príslušnej normy. Vytvorenie vhodných podmienok vo firme pre dodávku výrobkov stálej akosti. Certifikácia systému akosti - interný a externý prínos. Akreditácia slovenských a českých organizácií Národným akreditačným orgánom (NAO). 
610 2 0 |a riadenie kvality 
610 2 0 |a kvalita výrobkov 
610 2 0 |a normy 
610 2 0 |a ČSN ISO 9000 
610 2 0 |a Slovensko 
610 2 0 |a Európske spoločenstvá 
100 1 |a Sýkora, Zdenek 
700 1 |a Šíma, J.